000
00219nam a22000857a 4500
008
160917b xxu||||| |||| 00| 0 eng d
100
_9
644
_a
Misra.M.
245
_a
Social Science-7
260
_a
New Delhi
_b
APC Publications
_c
2010
999
_c
3302
_d
3302